[Event "HEM 2006 M"]
[Site "Marburg"]
[Date "2006.04.08"]
[Round "1.1"]
[White "Kunin, Vitaly"]
[Black "Lisanti, Andre"]
[Result "1-0"]
[WhiteElo "2510"]
[BlackElo "2295"]
[PlyCount "111"]
[EventDate "2006.04.08"]
[EventType "swiss"]
[EventCountry "GER"]

1. d4 Nf6 2. c4 g6 3. Nc3 Bg7 4. e4 O-O 5. Nge2 b5 6. cxb5 Bb7 7. Ng3 a6 8.
bxa6 Nxa6 9. Be3 h5 10. f3 h4 11. Nge2 c5 12. d5 Qb6 13. Qd2 e6 14. Na4 Qb5 15.
Nec3 Qa5 16. Bxa6 Bxa6 17. Bxc5 Nxe4 18. Nxe4 Qxa4 19. Bxf8 Bxf8 20. Nc3 Qb4
21. dxe6 dxe6 22. O-O-O Rb8 23. Qc2 Bg7 24. Rhe1 Qf4+ 25. Kb1 Qxh2 26. Rd7 Bf6
27. Red1 Qe5 28. R7d6 Bc4 29. R6d4 Qc5 30. R4d2 Qa5 31. Rd4 Rc8 32. Qe4 Qb4 33.
a3 Qb3 34. Qc2 Qxc2+ 35. Kxc2 Bxd4 36. Rxd4 Bf1 37. Rxh4 Bxg2 38. f4 Kg7 39. b4
f5 40. b5 g5 41. fxg5 e5 42. Rh2 Bf1 43. Rf2 Bh3 44. a4 f4 45. b6 Ra8 46. Kd3
Bc8 47. Rd2 Bb7 48. Ke2 Kg6 49. Rd7 Ba6+ 50. Kf3 Kxg5 51. b7 Rh8 52. Ne4+ Kf5
53. Rf7+ Ke6 54. Rf6+ Kd5 55. Rd6+ Kc4 56. Rxa6 1-0

[Event "HEM 2006 M"]
[Site "Marburg"]
[Date "2006.04.08"]
[Round "1.2"]
[White "Feldtmann, Thomas"]
[Black "Alber, Horst"]
[Result "0-1"]
[WhiteElo "2283"]
[BlackElo "2394"]
[PlyCount "153"]
[EventDate "2006.04.08"]
[EventType "swiss"]
[EventCountry "GER"]

1. d4 Nf6 2. Nf3 g6 3. g3 Bg7 4. Bg2 O-O 5. O-O d6 6. a4 Nc6 7. a5 a6 8. d5 Nb8
9. c4 c5 10. Ne1 b5 11. axb6 Qxb6 12. Ra3 a5 13. b3 Na6 14. Bb2 Bd7 15. Nd2 a4
16. Qa1 axb3 17. Nxb3 Nc7 18. Na5 Ra6 19. Nc2 Rb8 20. Bc3 Nfe8 21. Be4 Bxc3 22.
Qxc3 Qb2 23. Qxb2 Rxb2 24. Bd3 Rab6 25. Kg2 Nf6 26. Rfa1 e6 27. e4 Ng4 28. R1a2
Ne5 29. Be2 f5 30. f4 Nf7 31. exf5 exd5 32. fxg6 hxg6 33. cxd5 Bf5 34. Nc4 Rxa2
35. Rxa2 Be4+ 36. Bf3 Bxf3+ 37. Kxf3 Rb3+ 38. Ke4 Ne8 39. Ra8 Kf8 40. N2e3 Ke7
41. Ra7+ Kf8 42. Ra8 Ke7 43. Ra7+ Kf8 44. Ra3 Nf6+ 45. Kf3 Rb4 46. Rc3 Ra4 47.
Rc2 Rb4 48. Rc3 Ra4 49. h4 Ra1 50. Nd2 Ra4 51. Ndc4 Ra1 52. Rd3 Ra4 53. g4 Rb4
54. Rc3 Kg8 55. Rd3 Kf8 56. Kg3 Rb1 57. Kf3 Rh1 58. h5 gxh5 59. g5 Ne8 60. Nf5
Re1 61. Nb6 Rf1+ 62. Kg3 Nxg5 63. Re3 Nf6 64. fxg5 Nxd5 65. Nxd5 Rxf5 66. Rf3
Rxf3+ 67. Kxf3 Kf7 68. Kf4 (68. Kg3 Ke6 69. g6 c4 70. Kh4) 68... c4 69. Kf5 Kg7
70. g6 h4 71. Nf4 c3 72. Nh5+ Kg8 73. Nf6+ Kh8 74. Ne8 c2 75. Kf6 Kg8 76. g7
c1=Q 77. Kg6 0-1

[Event "HEM 2006 M"]
[Site "Marburg"]
[Date "2006.04.08"]
[Round "1.3"]
[White "Kersten, Uwe"]
[Black "Wahedi, Ahmad Siar"]
[Result "0-1"]
[WhiteElo "2325"]
[BlackElo "2283"]
[PlyCount "78"]
[EventDate "2006.04.08"]
[EventType "swiss"]
[EventCountry "GER"]

1. e4 e6 2. d4 d5 3. Nd2 Nf6 4. e5 Nfd7 5. c3 c5 6. Bd3 Nc6 7. Ngf3 g6 8. h4 h6
9. b3 Bg7 10. Rh3 Qa5 11. Bb2 b5 12. Qb1 Ne7 13. a3 c4 14. b4 Qb6 15. Bc2 a5
16. Nf1 axb4 17. axb4 Rxa1 18. Qxa1 f5 19. exf6 Bxf6 20. Rg3 Kf7 21. Bc1 Nf5
22. Rg4 h5 23. Rf4 Bb7 24. Qb1 Nb8 25. Ne3 Bc8 26. g4 Qd6 27. Nxf5 gxf5 28.
gxf5 e5 29. dxe5 Bxe5 30. Ng5+ Kg7 31. Rf3 Re8 32. Kf1 Qf6 33. Bd2 Nc6 34. Qd1
d4 35. cxd4 Nxd4 36. Ne4 Qxh4 37. f6+ Kh8 38. Ng3 Bxg3 39. Rxg3 Qh1+ 0-1

[Event "HEM 2006 M"]
[Site "Marburg"]
[Date "2006.04.08"]
[Round "1.4"]
[White "Koller, Jens"]
[Black "Malek, Daniel"]
[Result "1-0"]
[WhiteElo "2257"]
[BlackElo "2322"]
[PlyCount "65"]
[EventDate "2006.04.08"]
[EventType "swiss"]
[EventCountry "GER"]

1. e4 c6 2. d4 d5 3. e5 Bf5 4. Nc3 e6 5. g4 Bg6 6. Nge2 c5 7. f4 cxd4 8. Qxd4
Nc6 9. Qa4 h5 10. Be3 hxg4 11. Nd4 Nge7 12. Ncb5 Nf5 13. Nxf5 Bxf5 14. Nd4 Bb4+
15. c3 Ba5 16. Nxf5 exf5 17. O-O-O Bb6 18. Bxb6 Qxb6 19. Bg2 O-O 20. Bxd5 Ne7
21. Bb3 Ng6 22. Bc2 Nh4 23. Qd4 Qh6 24. Kb1 Rfe8 25. Bb3 Rf8 26. Qb4 a5 27.
Qxb7 Qxf4 28. Bxf7+ Kh7 29. Qe7 Nf3 30. e6 a4 31. Rd7 Qe5 32. Rf1 Ng5 33. Qxg5
1-0

[Event "HEM 2006 M"]
[Site "Marburg"]
[Date "2006.04.08"]
[Round "1.5"]
[White "Ortmann, David"]
[Black "Hamann, Jörg"]
[Result "1-0"]
[WhiteElo "2303"]
[BlackElo "2171"]
[PlyCount "84"]
[EventDate "2006.04.08"]
[EventType "swiss"]
[EventCountry "GER"]

1. Nf3 Nf6 2. c4 g6 3. Nc3 Bg7 4. e4 d6 5. d4 O-O 6. Be2 c5 7. O-O cxd4 8. Nxd4
Nc6 9. Be3 Bd7 10. Qd2 Ng4 11. Bxg4 Bxg4 12. f4 Bd7 13. Rac1 Re8 14. Qf2 Nxd4
15. Bxd4 Bxd4 16. Qxd4 Qb6 17. Qxb6 axb6 18. Rfd1 Be6 19. b3 Rec8 20. f5 gxf5
21. exf5 Bxf5 22. Nd5 Kf8 23. Nxb6 Rxa2 24. Nxc8 Bxc8 25. Ra1 Rxa1 26. Rxa1 Ke8
27. Kf2 Kd8 28. Ke3 Bf5 29. Ra8+ Kc7 30. Rf8 Bg6 31. g4 h5 32. gxh5 Bxh5 33. h4
e5 34. Rh8 Bd1 35. b4 f5 36. h5 f4+ 37. Kd2 Bg4 38. h6 e4 39. Rf8 e3+ 40. Ke1
f3 41. h7 f2+ 42. Rxf2 Bf3 1-0

[Event "HEM 2006 M"]
[Site "Marburg"]
[Date "2006.04.08"]
[Round "1.6"]
[White "Geske, Julian"]
[Black "Bewersdorff, Oliver"]
[Result "1/2-1/2"]
[WhiteElo "2140"]
[BlackElo "2297"]
[PlyCount "56"]
[EventDate "2006.04.08"]
[EventType "swiss"]
[EventCountry "GER"]

1. e4 c5 2. Nf3 Nc6 3. d4 cxd4 4. Nxd4 Nf6 5. Nc3 e5 6. Ndb5 d6 7. Bg5 a6 8.
Na3 b5 9. Bxf6 gxf6 10. Nd5 Bg7 11. c3 f5 12. exf5 Bxf5 13. Nc2 O-O 14. Nce3
Be6 15. Bd3 f5 16. Qh5 e4 17. Bc2 Ra7 18. O-O Be5 19. Rad1 Rg7 20. f4 exf3 21.
Rxf3 f4 22. Nf5 Bxf5 23. Bxf5 Ne7 24. Nxe7+ Qxe7 25. Rh3 Kh8 26. Be4 Rb8 27. a3
Rc8 28. Qh4 Qxh4 1/2-1/2

[Event "HEM 2006 M"]
[Site "Marburg"]
[Date "2006.04.08"]
[Round "1.7"]
[White "Bennemann, Ingmar"]
[Black "Kuhn, Ulf"]
[Result "1/2-1/2"]
[WhiteElo "2098"]
[BlackElo "2123"]
[PlyCount "61"]
[EventDate "2006.04.08"]
[EventType "swiss"]
[EventCountry "GER"]

1. d4 f5 2. Nc3 Nf6 3. Bg5 d5 4. Bxf6 exf6 5. e3 Be6 6. Qf3 Qd7 7. Nge2 Nc6 8.
a3 Bf7 9. Nf4 O-O-O 10. Bb5 Kb8 11. Nd3 g6 12. Nb4 Bxb4 13. axb4 Qe6 14. Bxc6
Qxc6 15. O-O Qb6 16. b5 Be8 17. Ra3 Bxb5 18. Rfa1 a6 19. Rb3 Qd6 20. Nxb5 axb5
21. Rxb5 c6 22. Rba5 Rhe8 23. g3 Kc7 24. b3 Qe6 25. Ra7 Qe4 26. Qe2 Rb8 27. Qd2
Rec8 28. Qc3 g5 29. R1a6 Kd7 30. Rb6 Rc7 31. Qb4 1/2-1/2

[Event "HEM 2006 M"]
[Site "Marburg"]
[Date "2006.04.09"]
[Round "2.1"]
[White "Wahedi, Ahmad Siar"]
[Black "Kunin, Vitaly"]
[Result "0-1"]
[WhiteElo "2283"]
[BlackElo "2510"]
[PlyCount "102"]
[EventDate "2006.04.08"]
[EventType "swiss"]
[EventCountry "GER"]

1. e4 d6 2. Nc3 g6 3. g3 Bg7 4. Bg2 c5 5. d3 Nc6 6. Be3 Rb8 7. Qd2 b5 8. f4 b4
9. Nd1 Bd7 10. h3 e6 11. Nf3 Nge7 12. f5 exf5 13. Bh6 O-O 14. g4 fxe4 15. dxe4
Nc8 16. O-O Nd4 17. Nxd4 Bxd4+ 18. Kh1 Re8 19. Ne3 Nb6 20. c3 bxc3 21. bxc3 Be5
22. Rf3 Be6 23. Nd5 Bxd5 24. exd5 Rb7 25. Raf1 Bg7 26. Bg5 Qb8 27. Qf2 Qc7 28.
Qh4 Nc4 29. Bh6 Ne5 30. Bxg7 Kxg7 31. Rf6 Reb8 32. g5 Rb1 33. R6f2 Rxf1+ 34.
Bxf1 Qb7 35. c4 Kg8 36. Qf4 Re8 37. Be2 Qb1+ 38. Bf1 Qb7 39. Be2 Qe7 40. Kg2
Nd7 41. Bg4 Ne5 42. Be2 Rb8 43. Bf1 a5 44. h4 a4 45. Kg3 Rb1 46. h5 gxh5 47.
Qf5 Rd1 48. Rb2 Rd4 49. Be2 Ng6 50. Rb8+ Kg7 51. Rb7 Qxb7 0-1

[Event "HEM 2006 M"]
[Site "Marburg"]
[Date "2006.04.09"]
[Round "2.2"]
[White "Alber, Horst"]
[Black "Ortmann, David"]
[Result "1/2-1/2"]
[WhiteElo "2394"]
[BlackElo "2303"]
[PlyCount "65"]
[EventDate "2006.04.08"]
[EventType "swiss"]
[EventCountry "GER"]

1. d4 d5 2. c4 Nc6 3. c5 e5 4. e3 a6 5. Nc3 exd4 6. exd4 g6 7. Nf3 Bg7 8. Bg5
Nge7 9. Be2 Bg4 10. O-O O-O 11. Re1 h6 12. Bxe7 Nxe7 13. Ne5 Bxe2 14. Rxe2 c6
15. Qd3 Qc7 16. Rae1 Rae8 17. b4 Nf5 18. a4 Re6 19. b5 axb5 20. axb5 Rfe8 21.
b6 Qb8 22. f4 h5 23. g3 Kh7 24. Kg2 R8e7 25. h3 Qe8 26. Nf3 Re3 27. Rxe3 Rxe3
28. Rxe3 Qxe3 29. Qxe3 Nxe3+ 30. Kf2 Nc2 31. Ne2 Kg8 32. Ne5 Bxe5 33. fxe5
1/2-1/2

[Event "HEM 2006 M"]
[Site "Marburg"]
[Date "2006.04.09"]
[Round "2.3"]
[White "Bewersdorff, Oliver"]
[Black "Koller, Jens"]
[Result "0-1"]
[WhiteElo "2297"]
[BlackElo "2257"]
[PlyCount "70"]
[EventDate "2006.04.08"]
[EventType "swiss"]
[EventCountry "GER"]

1. e4 c5 2. Nf3 e6 3. Nc3 Nc6 4. d4 cxd4 5. Nxd4 d6 6. Be2 Nf6 7. O-O Be7 8.
Be3 a6 9. f4 Qc7 10. a4 O-O 11. Kh1 Bd7 12. Nb3 b6 13. Qe1 Na5 14. Nd2 b5 15.
axb5 axb5 16. Nxb5 Qxc2 17. Na7 Qc7 18. Qf2 Nc6 19. Rfc1 Qb7 20. Ba6 Qxb2 21.
Nxc6 Bxc6 22. Bd4 Ng4 23. Qg1 Qxd2 24. Rxc6 Qxf4 25. h3 Bf6 26. hxg4 Qh6+ 27.
Qh2 Qxh2+ 28. Kxh2 Bxd4 29. Rac1 Be5+ 30. Kh3 Rab8 31. g5 Rb3+ 32. Kh4 Re3 33.
R1c4 f6 34. Bc8 fxg5+ 35. Kh5 Rf6 0-1

[Event "HEM 2006 M"]
[Site "Marburg"]
[Date "2006.04.09"]
[Round "2.4"]
[White "Kuhn, Ulf"]
[Black "Geske, Julian"]
[Result "1/2-1/2"]
[WhiteElo "2123"]
[BlackElo "2140"]
[PlyCount "133"]
[EventDate "2006.04.08"]
[EventType "swiss"]
[EventCountry "GER"]

1. c4 e5 2. g3 Nf6 3. Bg2 d5 4. cxd5 Nxd5 5. Nf3 Nc6 6. O-O Nb6 7. d3 Be7 8.
Nbd2 O-O 9. a3 Be6 10. b4 a6 11. Bb2 f6 12. Qc2 Bd5 13. e3 Kh8 14. Rac1 Rc8 15.
Bh3 Rb8 16. d4 exd4 17. Nxd4 Nxd4 18. Bxd4 c6 19. e4 Bf7 20. Be3 Nd7 21. Rfd1
Bh5 22. Nc4 Bxd1 23. Rxd1 Qe8 24. Rxd7 f5 25. Rxe7 Qxe7 26. Bc5 Qxe4 27. Qxe4
fxe4 28. Bxf8 Rxf8 29. Nd6 Rf3 30. Nxb7 Rxa3 31. Nc5 a5 32. bxa5 Rxa5 33. Nxe4
Kg8 34. Kf1 Kf8 35. Ke2 Ke7 36. Kd3 Rh5 37. Bg2 Rxh2 38. Bf3 Rh6 39. Kc4 Kd7
40. Kc5 Kc7 41. Bg4 Rh1 42. Kd4 Ra1 43. Ke5 Ra5+ 44. Ke6 Kb6 45. f4 c5 46. Be2
Ra3 47. Bc4 Re3 48. Kd5 h5 49. Ke5 h4 50. gxh4 Rh3 51. Kf5 Rxh4 52. Kg5 Rh1 53.
Kg6 Rg1+ 54. Ng5 Rg4 55. Kf5 Rg2 56. Nf3 Ka5 57. Ne5 Kb4 58. Bd5 Rg1 59. Ke6
Rd1 60. Bf3 Rg1 61. Be2 Rg2 62. Bc4 Rc2 63. Bd3 Rg2 64. Kf7 Rf2 65. f5 c4 66.
Nxc4 Rxf5+ 67. Bxf5 1/2-1/2

[Event "HEM 2006 M"]
[Site "Marburg"]
[Date "2006.04.09"]
[Round "2.5"]
[White "Malek, Daniel"]
[Black "Bennemann, Ingmar"]
[Result "1-0"]
[WhiteElo "2322"]
[BlackElo "2098"]
[PlyCount "69"]
[EventDate "2006.04.08"]
[EventType "swiss"]
[EventCountry "GER"]

1. d4 Nf6 2. c4 g6 3. Nc3 d5 4. Bg5 Bg7 5. Bxf6 Bxf6 6. cxd5 c6 7. e3 cxd5 8.
Bb5+ Nc6 9. Nge2 a6 10. Bd3 e5 11. dxe5 Bxe5 12. Qa4 O-O 13. O-O-O Be6 14. Rd2
b5 15. Qd1 Qa5 16. Bc2 Rac8 17. Kb1 Nb4 18. Bb3 Bf5+ 19. Ka1 Bc2 20. Rxc2 Nxc2+
21. Bxc2 Rc5 22. Bb3 Rfc8 23. Nxd5 Qa3 24. Nec3 Rxc3 25. Nxc3 Rxc3 26. Kb1 Rxb3
27. Qxb3 Qd6 28. Rd1 Qf6 29. f4 Bc7 30. g3 Bb6 31. e4 Qe7 32. e5 Bc5 33. Qd5
Bb6 34. Qa8+ Kg7 35. Qxa6 1-0

[Event "HEM 2006 M"]
[Site "Marburg"]
[Date "2006.04.09"]
[Round "2.6"]
[White "Hamann, Jörg"]
[Black "Kersten, Uwe"]
[Result "0-1"]
[WhiteElo "2171"]
[BlackElo "2325"]
[PlyCount "112"]
[EventDate "2006.04.08"]
[EventType "swiss"]
[EventCountry "GER"]

1. d4 Nf6 2. Nf3 e6 3. e3 c5 4. Bd3 b6 5. O-O Bb7 6. Nbd2 cxd4 7. exd4 Be7 8.
c3 O-O 9. Re1 d6 10. Qe2 Nbd7 11. Ng5 Re8 12. Ndf3 Bf8 13. Qc2 g6 14. Bd2 Bg7
15. Rad1 Qc7 16. h3 Rac8 17. Ne4 Nxe4 18. Bxe4 b5 19. Bxb7 Qxb7 20. Bf4 Bf8 21.
Qd2 a5 22. a3 b4 23. axb4 axb4 24. Rc1 Rc4 25. Bh6 Rec8 26. Bxf8 bxc3 27. bxc3
Nxf8 28. h4 Qd5 29. Re3 Nd7 30. Ng5 e5 31. Rd1 exd4 32. cxd4 Rc2 33. Qe1 h6 34.
Ne4 Kg7 35. Ng3 Nf6 36. Re7 R8c3 37. Ne4 Rb3 38. Nxf6 Kxf6 39. Re8 Rb7 40. Qe3
Kg7 41. Re4 Rb3 42. Qe1 Rbb2 43. Rf4 Re2 44. Qc3 Rb3 45. Qc7 g5 46. hxg5 hxg5
47. Rg4 Rxf2 48. Qe7 Rf5 49. Rc1 Rb8 50. Rc3 Rh8 51. Rf3 Rh5 52. Re3 Qa2 53.
Re2 Qb1+ 54. Re1 Qc2 55. Qe2 Qc8 56. Re4 Qh8 0-1

[Event "HEM 2006 M"]
[Site "Marburg"]
[Date "2006.04.09"]
[Round "2.7"]
[White "Lisanti, Andre"]
[Black "Feldtmann, Thomas"]
[Result "1-0"]
[WhiteElo "2295"]
[BlackElo "2283"]
[PlyCount "217"]
[EventDate "2006.04.08"]
[EventType "swiss"]
[EventCountry "GER"]

1. e4 d6 2. d4 Nf6 3. Nc3 g6 4. Bc4 Bg7 5. Qe2 Nc6 6. e5 Nd7 7. Nf3 Nb6 8. Bb3
O-O 9. h3 Na5 10. O-O d5 11. Na4 Nxa4 12. Bxa4 a6 13. c3 Bd7 14. Bxd7 Qxd7 15.
e6 Qxe6 16. Qxe6 fxe6 17. Re1 Nc4 18. Rxe6 Bf6 19. Bh6 Rfe8 20. Re2 e5 21. b3
e4 22. bxc4 exf3 23. Rxe8+ Rxe8 24. cxd5 Re2 25. Bf4 Rc2 26. Rc1 Rxc1+ 27. Bxc1
fxg2 28. Bf4 c6 29. dxc6 bxc6 30. Kxg2 Kf7 31. Kf3 Ke6 32. Ke4 Be7 33. Bc7 Bh4
34. f3 Bf6 35. Bb6 Be7 36. c4 Bg5 37. Bc5 Bh6 38. Kd3 Bf4 39. Kc3 Bc7 40. Kb4
Kd7 41. Ba7 Kc8 42. a4 Bd6+ 43. Bc5 Bc7 44. Be7 Kd7 45. Bg5 Bb6 46. Be3 Ke7 47.
Bg1 Kd7 48. Bf2 Ke7 49. Kc3 Bc7 50. Be3 Kd7 51. Kd3 Ke6 52. Ke4 Bd6 53. Bf4 Be7
54. Be5 Bg5 55. d5+ cxd5+ 56. cxd5+ Kd7 57. Bc3 Bh6 58. Kd4 Bf8 59. Kc4 Be7 60.
Bb4 Bd8 61. Bf8 Ke8 62. Bg7 Kd7 63. Kc5 Bc7 64. Bc3 Bd8 65. d6 Bg5 66. Be5 Be3+
67. Kd5 Ba7 68. Bc3 Bf2 69. f4 Bb6 70. Bb4 Be3 71. Ke5 Bc1 72. Kf6 Bxf4 73. Kg7
h5 74. Kxg6 h4 75. Kf5 Bg3 76. Kg4 Ke6 77. Kf3 Kd7 78. Ke3 Ke6 79. Ke4 Bf2 80.
Kd3 Bg3 81. Ke3 Kd7 82. Ke4 Ke6 83. Bc5 Be1 84. Kf3 Bg3 85. Be3 Bxd6 86. Bf2
Kf5 87. Bxh4 Bf8 88. Bd8 Bh6 89. h4 Bc1 90. Ke2 Ke4 91. Kd1 Bh6 92. Kc2 Kd5 93.
Kd3 Bf8 94. Bb6 Bh6 95. Bd4 Bf8 96. Kc3 Bh6 97. Ba7 Bf8 98. Be3 Kc6 99. Kc4 Bg7
100. h5 Bf8 101. Kd4 Kd6 102. Ke4 Ke6 103. Bg5 Bg7 104. Bf4 Bf8 105. Kd4 Kd7
106. Kd5 Bg7 107. Kc5 Bc3 108. h6 Kc8 109. h7 1-0

[Event "HEM 2006 M"]
[Site "Marburg"]
[Date "2006.04.10"]
[Round "3.1"]
[White "Kunin, Vitaly"]
[Black "Koller, Jens"]
[Result "1-0"]
[WhiteElo "2510"]
[BlackElo "2257"]
[PlyCount "69"]
[EventDate "2006.04.08"]
[EventType "swiss"]
[EventCountry "GER"]

1. Nf3 Nf6 2. c4 g6 3. g3 Bg7 4. Bg2 O-O 5. Nc3 d6 6. O-O Nc6 7. Rb1 h6 8. b4
Nd7 9. b5 Nce5 10. Nxe5 Nxe5 11. Qb3 a6 12. a4 axb5 13. axb5 Be6 14. d3 Qc8 15.
Nd5 Bxd5 16. Bxd5 Nd7 17. Bb2 Nc5 18. Qd1 e5 19. f4 Ra2 20. fxe5 dxe5 21. Bc3
Qg4 22. Rf2 e4 23. Bxg7 Kxg7 24. Ra1 Rxa1 25. Qxa1+ f6 26. Qa7 Ne6 27. Bxe4 Ng5
28. Bg2 Re8 29. Qxb7 Rxe2 30. Qxc7+ Kh8 31. Qf4 Re1+ 32. Rf1 Rxf1+ 33. Bxf1
Nf3+ 34. Kf2 Nxh2 35. Qxg4 1-0

[Event "HEM 2006 M"]
[Site "Marburg"]
[Date "2006.04.10"]
[Round "3.2"]
[White "Kersten, Uwe"]
[Black "Alber, Horst"]
[Result "1-0"]
[WhiteElo "2325"]
[BlackElo "2394"]
[PlyCount "83"]
[EventDate "2006.04.08"]
[EventType "swiss"]
[EventCountry "GER"]

1. e4 c5 2. Nf3 d6 3. d4 cxd4 4. Nxd4 Nf6 5. Nc3 a6 6. Bg5 e6 7. f4 Qc7 8. Bxf6
gxf6 9. Qf3 Nc6 10. O-O-O Bd7 11. f5 Ne5 12. Qh3 O-O-O 13. Nxe6 fxe6 14. fxe6
Bxe6 15. Qxe6+ Kb8 16. Nd5 Qc6 17. Kb1 Bg7 18. Bd3 Rhe8 19. Qh3 f5 20. Qxf5 Rc8
21. Qf2 Rf8 22. Qe2 Nxd3 23. cxd3 Qb5 24. Rc1 Rxc1+ 25. Rxc1 Bd4 26. Rc2 h6 27.
Qd1 Rf7 28. a3 Ka7 29. Ka2 Kb8 30. Rd2 Qa5 31. Re2 Be5 32. h3 Qc5 33. Qb3 Rf2
34. Nb4 Ka7 35. Rxf2 Qxf2 36. Qc2 Qd4 37. g4 Qe3 38. h4 Qd4 39. g5 hxg5 40.
hxg5 a5 41. Nd5 a4 42. Nc3 1-0

[Event "HEM 2006 M"]
[Site "Marburg"]
[Date "2006.04.10"]
[Round "3.3"]
[White "Ortmann, David"]
[Black "Lisanti, Andre"]
[Result "0-1"]
[WhiteElo "2303"]
[BlackElo "2295"]
[PlyCount "96"]
[EventDate "2006.04.08"]
[EventType "swiss"]
[EventCountry "GER"]

1. Nf3 c5 2. c4 e6 3. Nc3 Nc6 4. g3 Be7 5. Bg2 d5 6. cxd5 exd5 7. d4 Nf6 8. Bg5
cxd4 9. Nxd4 Qb6 10. Nxc6 bxc6 11. Na4 Qb5 12. O-O Bg4 13. Re1 h6 14. Be3 O-O
15. Rc1 Rfe8 16. Qc2 Bb4 17. Nc3 Qc4 18. a3 Bxc3 19. Qxc3 Qb5 20. Bd4 Re6 21.
f3 Bf5 22. Bf1 Qb7 23. b4 Rae8 24. Qd2 Nd7 25. Rc3 Ne5 26. Rec1 Nc4 27. Qf4 Bg6
28. e3 Ne5 29. Bxe5 Rxe5 30. Qd4 Bh5 31. Bg2 R5e6 32. Kf2 Qe7 33. Bh3 Rf6 34.
g4 Bg6 35. Rxc6 Rxc6 36. Rxc6 Qh4+ 37. Kg2 Qe1 38. Rc3 Qe2+ 39. Kg3 Qe1+ 40.
Kg2 Re4 41. Qxd5 (41. fxe4 Bxe4+) (41. Qc5 d4 42. Rc1 Qd2+ 43. Kg3 dxe3) (41.
Qd3 Rxg4+) 41... Qxc3 42. fxe4 Qxe3 43. Qd8+ Kh7 44. Qh4 Bxe4+ 45. Kf1 Qf3+ 46.
Kg1 Qh1+ 47. Kf2 Qxh2+ 48. Ke3 Bg2 0-1

[Event "HEM 2006 M"]
[Site "Marburg"]
[Date "2006.04.10"]
[Round "3.4"]
[White "Geske, Julian"]
[Black "Malek, Daniel"]
[Result "1/2-1/2"]
[WhiteElo "2140"]
[BlackElo "2322"]
[PlyCount "79"]
[EventDate "2006.04.08"]
[EventType "swiss"]
[EventCountry "GER"]

1. e4 c6 2. d4 d5 3. Nc3 dxe4 4. Nxe4 Bf5 5. Ng3 Bg6 6. h4 h6 7. Nf3 Nd7 8. h5
Bh7 9. Bd3 Bxd3 10. Qxd3 e6 11. Bf4 Ngf6 12. O-O-O Nd5 13. Bd2 Nb4 14. Bxb4
Bxb4 15. Ne4 Qe7 16. Kb1 O-O-O 17. Qe2 Nf6 18. Ne5 Ba5 19. g4 Bb6 20. c3 Kb8
21. f3 Rd5 22. Rd2 Rhd8 23. Rhd1 Ne8 24. Re1 c5 25. dxc5 Rxd2 26. Nxd2 Bxc5 27.
Ne4 Bb6 28. Rd1 Rd5 29. Rxd5 exd5 30. Nf6 Qe6 31. Ned7+ (31. Nc6+ Qxc6 (31...
bxc6 32. Qxe6 fxe6 33. Nxe8 Kc8 34. Nxg7 Kd7 35. f4) 32. Qxe8+ Qxe8 33. Nxe8 g6
34. Nd6 gxh5 35. gxh5 Be3 36. Nxf7) 31... Kc7 32. Nxe8+ Kxd7 33. Qb5+ Kd8 34.
Nxg7 Qe1+ 35. Kc2 Qf2+ 36. Kb3 Qxf3 37. Qe8+ Kc7 38. Qe7+ Kc6 39. Qe8+ Kc7 40.
Qe7+ 1/2-1/2

[Event "HEM 2006 M"]
[Site "Marburg"]
[Date "2006.04.10"]
[Round "3.5"]
[White "Kuhn, Ulf"]
[Black "Wahedi, Ahmad Siar"]
[Result "1/2-1/2"]
[WhiteElo "2123"]
[BlackElo "2283"]
[PlyCount "211"]
[EventDate "2006.04.08"]
[EventType "swiss"]
[EventCountry "GER"]

1. c4 e5 2. g3 c6 3. d4 Bb4+ 4. Bd2 Bxd2+ 5. Qxd2 d6 6. dxe5 dxe5 7. Qxd8+ Kxd8
8. Nf3 f6 9. Nc3 Be6 10. O-O-O+ Kc7 11. b3 Nh6 12. Bg2 Ng4 13. Rhf1 Nd7 14. h3
Nh6 15. Nd2 Nf5 16. Nde4 Rad8 17. h4 Rhe8 18. e3 b6 19. Rd2 Nb8 20. Rfd1 Rxd2
21. Rxd2 a5 22. Bh3 Nxg3 23. Nd6 Re7 24. Ndb5+ Kb7 25. Nd6+ Kc7 26. Ndb5+ cxb5
27. Nxb5+ Kc6 28. Rd6+ Kc5 29. Bxe6 Ne4 30. Rd5+ Kc6 31. Bf5 Nxf2 32. Rd6+ Kb7
33. Rd2 g6 34. Rxf2 gxf5 35. Rxf5 Nd7 36. Nd6+ Kc6 37. Ne4 Rg7 38. Kd2 b5 39.
cxb5+ Kxb5 40. Kc3 Kc6 41. Nxf6 Rf7 42. Ng8 Rg7 43. Nh6 Rg6 44. Nf7 Kd5 45. Ng5
Rc6+ 46. Kd3 Nc5+ 47. Ke2 Ne4 48. Kf3 Nd2+ 49. Kg4 h6 50. Nf3 Rg6+ 51. Kh5 Nxf3
52. Rxf3 Rc6 53. Rg3 Ke4 54. Rg6 Rxg6 55. Kxg6 Kxe3 56. Kxh6 e4 57. h5 Kd3 58.
Kg6 e3 59. h6 e2 60. h7 e1=Q 61. h8=Q Qg1+ 62. Kf5 Qf2+ 63. Kg4 Qg2+ 64. Kf4
Qe4+ 65. Kg3 Qe1+ 66. Kg4 Qe2+ 67. Kf5 Qxa2 68. Qc8 Qc2 69. Qd8+ Kc3+ 70. Kg4
Qe4+ 71. Kh5 Qe2+ 72. Kh4 Qe5 73. Qc8+ Kxb3 74. Qb7+ Ka3 75. Qf3+ Kb4 76. Qb7+
Kc5 77. Qa7+ Kd6 78. Qb8+ Ke6 79. Qc8+ Kf7 80. Qc4+ Qe6 81. Qa4 Qe1+ 82. Kg5
Qb4 83. Qa2+ Ke8 84. Kf5 Kd7 85. Qd5+ Kc7 86. Ke5 Kb6 87. Qd8+ Kb5 88. Qd7+ Kc4
89. Qd5+ Kc3 90. Qf3+ Kb2 91. Qe2+ Ka3 92. Qe3+ Ka4 93. Qc1 Qb3 94. Kd4 Qb6+
95. Kc3 Qf6+ 96. Kc2 Qf2+ 97. Kb1 Qb6+ 98. Qb2 Qb4 99. Ka2 Kb5 100. Qe5+ Kc6
101. Qe6+ Kc5 102. Qe5+ Kc4 103. Qe4+ Kc3 104. Qe3+ Kc2 105. Qe2+ Kc1 106. Qf1+
1/2-1/2

[Event "HEM 2006 M"]
[Site "Marburg"]
[Date "2006.04.10"]
[Round "3.6"]
[White "Bennemann, Ingmar"]
[Black "Bewersdorff, Oliver"]
[Result "0-1"]
[WhiteElo "2098"]
[BlackElo "2297"]
[PlyCount "80"]
[EventDate "2006.04.08"]
[EventType "swiss"]
[EventCountry "GER"]

1. d4 Nf6 2. Nf3 d5 3. c4 e6 4. Bg5 dxc4 5. e3 b5 6. a4 c6 7. Be2 Bb7 8. O-O a6
9. b3 cxb3 10. Qxb3 Nbd7 11. Ne5 Be7 12. f4 O-O 13. Nc3 Nb6 14. Bf3 Nfd5 15.
Bxe7 Qxe7 16. a5 Nc8 17. Ne4 f6 18. Nd3 Nxe3 19. Nec5 Nxf1 20. Kxf1 Nd6 21. Re1
Nc4 22. Qc3 Kh8 23. Rxe6 Qf7 24. f5 Rad8 25. Qe1 Bc8 26. Re7 Nd2+ 27. Kf2 Nxf3
28. Rxf7 Nxe1 29. Rxf8+ Rxf8 30. Kxe1 Rd8 31. Nb3 Bxf5 32. Nb4 Be6 33. Nc5 Rxd4
34. Nbxa6 Bc8 35. Nb8 Rc4 36. Nb3 Rc3 37. Nd4 c5 38. Ne2 Ra3 39. a6 Bxa6 40.
Nd7 c4 0-1

[Event "HEM 2006 M"]
[Site "Marburg"]
[Date "2006.04.10"]
[Round "3.7"]
[White "Feldtmann, Thomas"]
[Black "Hamann, Jörg"]
[Result "1-0"]
[WhiteElo "2283"]
[BlackElo "2171"]
[PlyCount "87"]
[EventDate "2006.04.08"]
[EventType "swiss"]
[EventCountry "GER"]

1. e4 d6 2. d4 Nf6 3. Nc3 g6 4. f4 Bg7 5. Nf3 c5 6. Bb5+ Bd7 7. Bxd7+ Nfxd7 8.
d5 b5 9. Nxb5 Qa5+ 10. Nc3 Bxc3+ 11. bxc3 Qxc3+ 12. Bd2 Qc4 13. Qe2 Nb6 14. a4
Qxe2+ 15. Kxe2 Na6 16. Rhb1 h6 17. Bc3 Rg8 18. Kf2 Kd8 19. Nd2 Rb8 20. a5 Nd7
21. Rxb8+ Ndxb8 22. Rb1 Kc7 23. Nc4 Nd7 24. e5 Rb8 25. Rxb8 Ndxb8 26. exd6+
exd6 27. Bg7 Nb4 28. Ne3 h5 29. Ke2 Kd7 30. Bf8 N4a6 31. f5 Nc7 32. fxg6 fxg6
33. Kf3 Ne8 34. Kf4 Nf6 35. Kg5 Nh7+ 36. Kxg6 Nxf8+ 37. Kf7 Nh7 38. h4 Nc6 39.
dxc6+ Kxc6 40. c4 Kb7 41. Kg7 Ka6 42. Kxh7 Kxa5 43. Kg6 Kb4 44. g4 1-0

[Event "HEM 2006 M"]
[Site "Marburg"]
[Date "2006.04.11"]
[Round "4.1"]
[White "Kersten, Uwe"]
[Black "Kunin, Vitaly"]
[Result "1-0"]
[WhiteElo "2325"]
[BlackElo "2510"]
[PlyCount "65"]
[EventDate "2006.04.08"]
[EventType "swiss"]
[EventCountry "GER"]

1. e4 c5 2. c3 d5 3. exd5 Qxd5 4. d4 e6 5. Nf3 Nf6 6. Be3 cxd4 7. cxd4 Nc6 8.
Nc3 Qd6 9. a3 Be7 10. Bd3 O-O 11. O-O b6 12. Bc2 Bb7 13. Qd3 g6 14. Rad1 Rfd8
15. Bc1 Rac8 16. Rfe1 Qb8 17. Qe2 Re8 18. Ng5 Bf8 19. Qf3 Kg7 20. Nce4 Be7 21.
Nxf6 Bxf6 22. Nxh7 Be7 23. Bh6+ Kxh6 (23... Kg8 24. Nf6+ Kh8 25. Qh3) 24. Qxf7
Ne5 25. dxe5 Rxc2 26. Rd3 Bh4 27. Rh3 Rc4 28. Nf6 Rd8 29. g4 Rdd4 30. Rxh4+ Kg5
31. Ne4+ Kxh4 32. Qh7+ Kxg4 33. Qxg6+ 1-0